000 00690nam a2200229Ia 4500
003 GCL
005 20240530104949.0
008 140319s9999 xx 000 0 ara d
040 _aGCL /
_cGCL
082 0 4 _a659.1
_bص ع
100 1 _aصفوت العالم
245 1 0 _aعملية الاتصال الاعلانى /
_cصفوت العالم
250 _aط6
260 _aالقاهرة :
_bمكتبة النهضة المصرية ،
_c2004
300 _a222 ص ؛
_c24 سم
650 0 4 _aالتسويق
650 0 4 _aالاعلان
650 0 4 _aالدعاية
650 0 4 _aالاعلان بالاذاعة
650 0 4 _aالاعلان بالتلفزيون
942 _2ddc
_cBK
999 _c52104
_d52104